[Event "4th Open"]
[Site "Rhone FRA"]
[Date "2008.04.13"]
[Round "3"]
[White "Garcia Roman,D"]
[Black "Cau,B"]
[Result "1-0"]
[WhiteElo "2427"]
[BlackElo "2159"]

1.d4 d5 2.c4 c6 3.e3 Nf6 4.Nc3 e6 5.Nf3 Nbd7 6.Qc2 Be7 7.Be2 dxc4 8.Bxc4 b5
9.Bd3 Bb7 10.O-O a6 11.a4 b4 12.Ne4 c5 13.Nxf6+ Nxf6 14.dxc5 Rc8 15.Qe2 Qa5
16.Nd4 Bxc5 17.Nb3 Qb6 18.Nxc5 Rxc5 19.e4 Rc8 20.a5 Qc6 21.f3 O-O 22.Bd2 Qd6
23.Rfd1 Rfd8 24.Be3 Nd7 25.Bb5 Qe7 26.Bxa6 Bxa6 27.Qxa6 Nc5 28.Rxd8+ Qxd8
29.Qb6  1-0

[Event "V Magistral da Hebraica"]
[Site "Sao Paulo BRA"]
[Date "2008.04.13"]
[Round "8"]
[White "Greenfeld,A"]
[Black "Coelho,L"]
[Result "1/2-1/2"]
[WhiteElo "2575"]
[BlackElo "2392"]

1.d4 d5 2.c4 c6 3.Nf3 Nf6 4.Nc3 e6 5.e3 Nbd7 6.Bd3 dxc4 7.Bxc4 b5 8.Bd3 Bb7
9.e4 b4 10.Na4 c5 11.e5 Nd5 12.O-O cxd4 13.Re1 Be7 14.Nxd4 O-O 15.Qg4 Re8
16.Bb5 Kh8 17.Nc6 Qc7 18.Nxe7 Rxe7 19.Qc4 Qa5 20.Bxd7 Rxd7 21.Nc5 Rc7 22.Nxb7 Qb6
23.Qe4 Qxb7 24.Bd2 Rac8 25.Rac1 Rxc1 26.Rxc1 Rxc1+ 27.Bxc1 Qc6 28.Bd2 Qa6
29.Bxb4 Qxa2 30.Bc3 h6 31.g3 a5 32.Qd4 a4 33.Bb4 Qb1+ 34.Kg2 Kh7 35.h4 h5
36.Ba3 Qc2 37.Kf3 Qb3+ 38.Kg2 Qc2 39.Kf3 Qb3+ 40.Kg2 Qc2  1/2-1/2

[Event "Gausdal Classics GMB"]
[Site "Gausdal NOR"]
[Date "2008.04.15"]
[Round "8"]
[White "Akesson,R"]
[Black "Arun Prasad,S"]
[Result "1-0"]
[WhiteElo "2466"]
[BlackElo "2465"]

1.d4 d5 2.c4 c6 3.Nf3 Nf6 4.e3 e6 5.Nc3 Nbd7 6.Bd3 dxc4 7.Bxc4 b5 8.Bd3 a6
9.e4 c5 10.d5 c4 11.Bc2 Qc7 12.O-O Bb7 13.dxe6 fxe6 14.Nd4 Nc5 15.Be3 e5
16.Nf5 g6 17.Ng3 Be7 18.Qe2 O-O-O 19.b3 Nd3 20.bxc4 Nf4 21.Qf3 Kb8 22.cxb5 Bb4
23.bxa6 Qxc3 24.Rfb1 g5 25.h3 h5 26.Bxf4 gxf4 27.Nf5 Rh7 28.a3 Qxc2 29.Rxb4 Rd3
30.Nd4 Qc3 31.Nc6+ Kc7 32.axb7 Qxa1+ 33.Kh2 Rd8 34.Nxd8 Nd7 35.Qd3  1-0

[Event "Gausdal Classics GMB"]
[Site "Gausdal NOR"]
[Date "2008.04.15"]
[Round "8"]
[White "Sundararajan,K"]
[Black "Bromberger,S"]
[Result "0-1"]
[WhiteElo "2441"]
[BlackElo "2487"]

1.d4 d5 2.c4 c6 3.Nc3 Nf6 4.Nf3 e6 5.e3 Nbd7 6.Bd3 dxc4 7.Bxc4 b5 8.Bd3 a6
9.e4 c5 10.e5 cxd4 11.Ne4 Nd5 12.O-O Nc5 13.Bg5 Qb6 14.Rc1 Bb7 15.Nxc5 Bxc5
16.Nd2 h6 17.Qh5 Be7 18.Ne4 Bxg5 19.Nxg5 O-O 20.f4 Ne3 21.Nh7 Bxg2 22.Nf6+ Kh8
23.Rf2 Bb7 24.h3 Rac8 25.Rxc8 Rxc8 26.Qxf7 Qc6 27.Be4 Qc1+ 28.Kh2 Qe1 29.Rg2 Nf1+
30.Kh1 Ng3+ 31.Kh2 Bxe4 32.Nxe4 Nf1+ 33.Kh1 Nd2+  0-1

[Event "Copenhagen Chess Challenge"]
[Site "Ballerup DEN"]
[Date "2008.04.16"]
[Round "1"]
[White "Brynell,S"]
[Black "Akdag,D"]
[Result "1-0"]
[WhiteElo "2461"]
[BlackElo "2095"]

1.d4 d5 2.c4 c6 3.Nc3 Nf6 4.e3 e6 5.Nf3 Nbd7 6.Bd3 Bd6 7.e4 dxe4 8.Nxe4 Nxe4
9.Bxe4 e5 10.O-O exd4 11.Qxd4 Qf6 12.Bg5 Qxd4 13.Nxd4 O-O 14.Rad1 Re8 15.Bf5 Nf8
16.Bxc8 Raxc8 17.Nf5 Bc5 18.Nd6 Bxd6 19.Rxd6 Re2 20.Bd2 Re6 21.Rd3 c5 22.Rd1 f6
23.Be3 b6 24.Kf1 Kf7 25.Rd5 Ng6 26.h3 Rc7 27.b3 Re5 28.R5d3 Rce7 29.g3 h5
30.Rd5 h4 31.Rxe5 Rxe5 32.Ke2 hxg3 33.fxg3 Ke7 34.Rd3 Nf8 35.Kd2 Ne6 36.h4 Rh5
37.Bf2 Rf5 38.Ke2 g5 39.h5 g4 40.Rd5 Re5+ 41.Kd3 Nf8 42.h6 Nh7 43.Be3 Re6
44.a3 a5 45.Bf4 Nf8 46.Kc3 Kf7 47.Rd6 Rxd6 48.Bxd6 Nd7 49.b4 axb4+ 50.axb4 Kg6
51.Bf4 Nf8 52.Kb3 Ne6 53.Be3 f5 54.Ka4 Kf6 55.Kb5 cxb4 56.Kxb4 f4 57.gxf4 g3
58.f5 Nf8 59.Kb5 Kxf5 60.Kxb6 Kg6 61.Kc6 g2 62.Kd6 Nh7 63.c5 Nf6 64.c6 g1=Q
65.Bxg1 Kxh6 66.Bd4 Kg6 67.Bxf6  1-0

[Event "Gausdal Classics GMB"]
[Site "Gausdal NOR"]
[Date "2008.04.16"]
[Round "9"]
[White "Akesson,R"]
[Black "Saltaev,M"]
[Result "1/2-1/2"]
[WhiteElo "2466"]
[BlackElo "2500"]

1.d4 d5 2.c4 c6 3.Nc3 Nf6 4.e3 e6 5.Nf3 Nbd7 6.Qc2 Bd6 7.Be2 O-O 8.b3 Qe7
9.O-O b6 10.Bb2 Bb7 11.Rad1 Rad8  1/2-1/2

[Event "Japfa WGM"]
[Site "Jakarta INA"]
[Date "2008.04.16"]
[Round "2"]
[White "Perena,C"]
[Black "Sukandar,I"]
[Result "1/2-1/2"]
[WhiteElo "2234"]
[BlackElo "2243"]

1.d4 Nf6 2.Nf3 e6 3.e3 d5 4.c4 c6 5.Nc3 Nbd7 6.Bd3 dxc4 7.Bxc4 b5 8.Be2 Bb7
9.O-O a6 10.e4 c5 11.e5 Ne4 12.Nxe4 Bxe4 13.Ng5 Bd5 14.Bf3 Nb6 15.Be3 Rc8
16.Bxd5 Qxd5 17.Qg4 h6 18.Ne4 h5 19.Qf4 c4 20.Nc3 Qb7 21.Qg5 Rh6 22.f3 b4
23.Ne4 Nd5 24.Bf2 Rg6 25.Qd2 f5 26.exf6 gxf6 27.Rfe1 f5 28.Nc5 Bxc5 29.dxc5 Kf7
30.Rad1 Rcg8 31.g3 h4 32.Qd4 hxg3 33.hxg3 Qc7 34.Re5 c3 35.Kg2 Ne7 36.Qf4 c2
37.Rh1 Qc6 38.Qxb4 Rh6 39.Ree1 Rxh1 40.Rxh1 Ng6 41.Rh7+ Kf6 42.Qc3+ Ne5 43.Bd4 c1=Q
44.Bxe5+ Kg6 45.Qxc1 Kxh7 46.Qh1+ Kg6 47.Qh4 Qe8 48.Qf6+ Kh7 49.Qh4+ Kg6
50.Qf6+ Kh7  1/2-1/2

[Event "Copenhagen Chess Challenge"]
[Site "Ballerup DEN"]
[Date "2008.04.17"]
[Round "3"]
[White "Brynell,S"]
[Black "Karim,I"]
[Result "0-1"]
[WhiteElo "2461"]
[BlackElo "2394"]

1.d4 d5 2.c4 c6 3.Nc3 Nf6 4.e3 e6 5.Nf3 Nbd7 6.Bd3 dxc4 7.Bxc4 b5 8.Bd3 Bd6
9.O-O O-O 10.b3 Bb7 11.Bb2 a6 12.Ne4 Nxe4 13.Bxe4 Nf6 14.Bd3 c5 15.dxc5 Bxc5
16.Qc2 Rc8 17.Rad1 Qe7 18.Bxf6 Qxf6 19.Bxh7+ Kh8 20.Be4 Bxe3 21.Qb1 Bxe4
22.Qxe4 Bf4 23.g3 Bb8 24.Rd7 Qf5 25.Qxf5 exf5 26.Re1 Kg8 27.Ree7 Rc6 28.Ng5 Rf6
29.Rb7 f4 30.Kg2 fxg3 31.hxg3 Bd6 32.Red7 Ba3 33.f4 g6 34.Kf3 Bb2 35.Ra7 Ba3
36.Rac7 Bb4 37.Ne4 Re6 38.Nf2 Ba5 39.Rb7 Be1 40.Nd3 Bc3 41.Nc5 Rc6 42.Ne4 Be1
43.a3 Rc2 44.Rbc7 Rb2 45.Rd3 f5 46.Ng5 Re8 47.Nh3 Rh2 48.Rd6 Rxh3 49.Rxg6+ Kh8
50.Rf7 Rh5 51.a4 bxa4 52.bxa4 a5 53.Rb7 Rh2 54.g4 Rh3+ 55.Kg2 Rg3+ 56.Kf1 Rxg4
57.Rxg4 fxg4  0-1

[Event "4th Open"]
[Site "Rhone FRA"]
[Date "2008.04.17"]
[Round "8"]
[White "Malakhatko,V"]
[Black "Cau,B"]
[Result "1-0"]
[WhiteElo "2621"]
[BlackElo "2159"]

1.d4 d5 2.c4 c6 3.Nc3 Nf6 4.e3 e6 5.Nf3 Nbd7 6.Bd3 dxc4 7.Bxc4 b5 8.Bd3 Bb7
9.e4 b4 10.Na4 c5 11.e5 Nd5 12.O-O cxd4 13.Re1 Be7 14.Nxd4 O-O 15.Qg4 Re8
16.Bh6 Bf8 17.Bg5 Be7 18.h4 a6 19.Qe4 Nf8 20.Nc5 Qc8 21.Nxb7 Qxb7 22.Nf3 h6
23.Bd2 Qb6 24.Qg4 f5 25.exf6 Nxf6 26.Qc4 Bc5 27.Re2 Rec8 28.Qb3 Ng4 29.Rf1 a5
30.Bc4 Re8 31.Qd3 Rad8 32.Qe4 Nf6 33.Qc2 Ng4 34.Bf4 Kh8 35.Bg3 Bd6 36.Bxd6 Rxd6
37.b3 Nh7 38.Ne5 Nxe5 39.Rxe5 Nf6 40.Rfe1 Qd4 41.g3 a4 42.Rxe6 Rexe6 43.Rxe6 Rd8
44.Re2 axb3 45.axb3 Qa1+ 46.Kg2 Rd1 47.Bb5 Rg1+ 48.Kf3 Rc1 49.Qa2 Qxa2 50.Rxa2 Rc3+
51.Ke2 Rxb3 52.Ra8+ Kh7 53.Bd3+ g6 54.Ra7+ Kh8 55.Bxg6 Rb2+ 56.Kf3 b3 57.Rb7  1-0

[Event "Mediana"]
[Site "Nis SRB"]
[Date "2008.04.18"]
[Round "10"]
[White "Martinovic,Sl"]
[Black "Milchev,N"]
[Result "1-0"]
[WhiteElo "2449"]
[BlackElo "2415"]

1.d4 Nf6 2.Nf3 d5 3.c4 c6 4.e3 e6 5.Nc3 Nbd7 6.Qc2 Bb4 7.Bd3 dxc4 8.Bxc4 b5
9.Be2 Bb7 10.O-O a6 11.a3 Be7 12.b4 a5 13.Rb1 axb4 14.axb4 Nd5 15.Nxd5 exd5
16.Bd3 g6 17.e4 dxe4 18.Bxe4 Rc8 19.Bh6 Nf6 20.Rfe1 Ng4 21.Bg7 Rg8 22.Be5 Kf8
23.Qc3 f6 24.Bf4 Kg7 25.h3 Nh6 26.Bxh6+ Kxh6 27.Qe3+ g5 28.Nh4 Kg7 29.Bxh7 Kxh7
30.Qxe7+ Rg7 31.Qe4+ Kg8 32.Nf5 Rcc7 33.Qe8+ Qxe8 34.Rxe8+ Kh7 35.Nxg7 Kxg7
36.Rbe1 Kf7 37.Rh8 Kg6 38.Ree8  1-0

[Event "Copenhagen Chess Challenge"]
[Site "Ballerup DEN"]
[Date "2008.04.19"]
[Round "6"]
[White "De Verdier,M"]
[Black "Hansen,Martin2"]
[Result "1/2-1/2"]
[WhiteElo "2225"]
[BlackElo "2107"]

1.d4 d5 2.Nf3 Nf6 3.c4 c6 4.Nc3 e6 5.e3 Nbd7 6.Qc2 Bd6 7.g4 Nxg4 8.Rg1 f5
9.h3 Ngf6 10.Rxg7 Ne4 11.Bd2 Qf6 12.Rg2 Nf8 13.O-O-O Bd7 14.Be1 Ng6 15.Qb3 O-O-O
16.Bd3 Rhg8 17.Qc2 Nf4 18.Rxg8 Nxd3+ 19.Rxd3 Rxg8 20.cxd5 Nxc3 21.Bxc3  1/2-1/2

[Event "Copenhagen Chess Challenge"]
[Site "Ballerup DEN"]
[Date "2008.04.19"]
[Round "7"]
[White "Tikkanen,H"]
[Black "Smith,Ax"]
[Result "0-1"]
[WhiteElo "2437"]
[BlackElo "2428"]

1.d4 d5 2.c4 e6 3.Nf3 c6 4.e3 Nf6 5.Nc3 Nbd7 6.Bd3 dxc4 7.Bxc4 b5 8.Bd3 a6
9.e4 c5 10.e5 cxd4 11.Nxb5 axb5 12.exf6 gxf6 13.O-O Qb6 14.Qe2 b4 15.Rd1 Bc5
16.a4 h5 17.b3 Bb7 18.Bb2 Ke7 19.Bxd4 Bxf3 20.Bxc5+ Nxc5 21.Qxf3 Nxb3 22.Bb5 Nc5
23.Qf4 b3 24.Qb4 Rhd8 25.Rdc1 Rd5 26.Rc3 Qd6 27.g3 Rc8 28.Rac1 h4 29.Bf1 Rb8
30.Qa3 b2 31.Rb1 hxg3 32.hxg3 Rh5 33.Be2 Re5 34.Rxb2 Rxb2 35.Qxb2 Qd4 36.Bf3 Re1+
37.Kg2 f5 38.a5 Qh8 39.g4 f4  0-1

[Event "26th Metz Open"]
[Site "Metz St Symphorien FRA"]
[Date "2008.04.19"]
[Round "1"]
[White "Sundararajan,K"]
[Black "Blanchard,A"]
[Result "1-0"]
[WhiteElo "2441"]
[BlackElo "1809"]

1.d4 d5 2.c4 c6 3.Nf3 Nf6 4.Nc3 e6 5.e3 Nbd7 6.Bd3 dxc4 7.Bxc4 b5 8.Bd3 Bb7
9.e4 Be7 10.O-O a6 11.e5 Nd5 12.Ne4 c5 13.Bg5 f6 14.exf6 N5xf6 15.Nxf6+ Nxf6
16.dxc5 Bxc5 17.Qe2 Qb6 18.Rae1 O-O 19.Qxe6+ Qxe6 20.Rxe6 Bd5 21.Re5 Rad8
22.Rd1 Bxf3 23.gxf3 Bd4 24.Re2 Rd5 25.Be3 Bxe3 26.fxe3 Rfd8 27.Red2 Kf8 28.Kf2 b4
29.Ke1 a5 30.Bc4 Rxd2 31.Rxd2 Ke7 32.Rxd8 Kxd8 33.Kd2 g5 34.Kd3 Ke7 35.Kd4 Kd6
36.Bb5 Nd5 37.e4 Nf4 38.e5+ Kc7 39.Ke4 Ne6 40.Bc4 Kd7 41.Bxe6+ Kxe6 42.b3  1-0

[Event "Japfa WGM"]
[Site "Jakarta INA"]
[Date "2008.04.20"]
[Round "10"]
[White "Li Ruofan"]
[Black "Thandar Aye Win"]
[Result "1-0"]
[WhiteElo "2423"]
[BlackElo "2291"]

1.d4 d5 2.c4 c6 3.Nc3 Nf6 4.e3 e6 5.Nf3 Nbd7 6.Bd3 Bd6 7.O-O O-O 8.e4 dxe4
9.Nxe4 Nxe4 10.Bxe4 Nf6 11.Bc2 h6 12.b3 c5 13.Bb2 Re8 14.Ne5 Bxe5 15.dxe5 Qxd1
16.Raxd1 Nd7 17.Rd6 Nf8 18.Rfd1 b6 19.Be4 Rb8 20.Bc6 Re7 21.Rd8 g6 22.Bd7 Rxd7
23.R1xd7 Bxd7 24.Rxb8 Bc6 25.f3 Kg7 26.Rc8 Bd7 27.Ra8  1-0

[Event "IX EICC"]
[Site "Plovdiv BUL"]
[Date "2008.04.21"]
[Round "1"]
[White "Grunberg,M"]
[Black "Gustafsson,J"]
[Result "0-1"]
[WhiteElo "2422"]
[BlackElo "2603"]

1.Nf3 d5 2.c4 e6 3.d4 Nf6 4.Nc3 c6 5.e3 Nbd7 6.Bd3 dxc4 7.Bxc4 b5 8.Bd3 a6
9.O-O c5 10.Ne4 Bb7 11.Nxc5 Nxc5 12.dxc5 Bxc5 13.a3 Bd6 14.b4 e5 15.Be2 O-O
16.Bb2 Qe7 17.Nh4 Qe6 18.Qb1 Be4 19.Bd3 Bxd3 20.Qxd3 e4 21.Qe2 g5 22.Bxf6 Qxf6
23.Qg4 h5 24.Qf5 Kg7 25.Rad1 Rad8 26.Rd5 gxh4 27.Qxh5 Rh8 28.Qg4+ Kf8 29.Qxe4 Qe6
30.Qd4 Rh5 31.Rxh5 Bxh2+ 32.Kxh2 Rxd4 33.exd4 Qe2  0-1

[Event "IX EICC"]
[Site "Plovdiv BUL"]
[Date "2008.04.21"]
[Round "1"]
[White "Ramesa,D"]
[Black "Buhmann,R"]
[Result "0-1"]
[WhiteElo "2321"]
[BlackElo "2569"]

1.d4 d5 2.Nf3 Nf6 3.c4 c6 4.Nc3 e6 5.e3 a6 6.b3 Bb4 7.Bd2 O-O 8.Bd3 Nbd7
9.O-O Bd6 10.e4 dxc4 11.bxc4 e5 12.c5 Bc7 13.Na4 exd4 14.Rb1 Re8 15.Re1 Nf8
16.Rb4 Ne6 17.Qc2 h6 18.Bc4 Rb8 19.Bxe6 Bxe6 20.Rxd4 Qe7 21.h3 Rbd8 22.Bb4 Rxd4
23.Nxd4 Bc8 24.Nc3 Qe5 25.Nf3 Qh5 26.Qd3 Nd7 27.Qe3 Ne5 28.Nd4 a5 29.Ba3 Nc4
30.Qc1 Bxh3 31.gxh3 Qxh3 32.Nd1 Bh2+ 33.Kh1  0-1

[Event "IX EICC"]
[Site "Plovdiv BUL"]
[Date "2008.04.21"]
[Round "1"]
[White "Jankovic,A"]
[Black "Fragakis,E"]
[Result "1-0"]
[WhiteElo "2528"]
[BlackElo "2133"]

1.d4 d5 2.c4 c6 3.Nc3 Nf6 4.e3 e6 5.Nf3 Nbd7 6.Qc2 Bd6 7.g4 Nxg4 8.Rg1 Qf6
9.Rxg4 Qxf3 10.Rxg7 Nf8 11.Rg1 Bxh2 12.Be2 Qh3 13.Rf1 Bd6 14.Bd2 Bb4 15.O-O-O Qh4
16.Kb1 Bxc3 17.Bxc3 Rg8 18.Bb4 Ng6 19.Bd3 Bd7 20.Rh1 Qf6 21.Rxh7 a5 22.Bd6 dxc4
23.Qxc4 Qf3 24.Qc2 Qd5 25.Bc7 Nf8 26.Rhh1 a4 27.a3 Qf3 28.Be5 f5 29.Rhg1 Ng6
30.Be2 Qe4 31.Qxe4 fxe4 32.Bh5 Kf7 33.Rg5 Be8 34.Rdg1  1-0

[Event "IX EICC"]
[Site "Plovdiv BUL"]
[Date "2008.04.21"]
[Round "1"]
[White "Mchedlishvili,M"]
[Black "Papin,V"]
[Result "1-0"]
[WhiteElo "2635"]
[BlackElo "2483"]

1.d4 d5 2.c4 c6 3.Nf3 Nf6 4.Nc3 e6 5.e3 Nbd7 6.Bd3 dxc4 7.Bxc4 b5 8.Bd3 Bd6
9.O-O O-O 10.a3 a5 11.Bd2 Bb7 12.Rc1 Qb8 13.e4 e5 14.dxe5 Bxe5 15.Nxe5 Nxe5
16.Be2 Rd8 17.Qe1 b4 18.Na4 Nxe4 19.Bf4 g5 20.Be3 Re8 21.f3 Nd6 22.Nc5 Nf5
23.Bxg5 Nd4 24.Ne4 Ng4 25.g3 c5 26.Qd2 Bxe4 27.fxe4 Rxe4 28.Bd3 Re8 29.Qg2 Qe5
30.Bf4 Qg7 31.Rxc5 Ne6 32.Rc4 Nxf4 33.Rcxf4 Ne3 34.Qh3 Rad8 35.Rxf7 Qxf7
36.Rxf7 Kxf7 37.Qxh7+ Ke6 38.Qe4+ Kd6 39.Qd4+ Nd5 40.axb4 axb4 41.Be4 Re5
42.h4 b3 43.Kh2 Rc8 44.Bxd5 Rxd5 45.Qb4+ Ke5 46.Qxb3 Rd2+ 47.Kh3 Rcc2 48.Qe3+ Kf6
49.b3 Rb2 50.h5 Rf2 51.Qh6+ Kf7 52.Qg6+ Kf8 53.h6  1-0

[Event "IX EICC"]
[Site "Plovdiv BUL"]
[Date "2008.04.21"]
[Round "1"]
[White "Popov,Val"]
[Black "Stavrianakis,I"]
[Result "1-0"]
[WhiteElo "2525"]
[BlackElo "2121"]

1.d4 d5 2.c4 c6 3.Nf3 Nf6 4.Nc3 e6 5.e3 Nbd7 6.Bd3 dxc4 7.Bxc4 b5 8.Bd3 Bd6
9.O-O Bb7 10.e4 e5 11.Ne2 O-O 12.Kh1 c5 13.d5 c4 14.Bc2 b4 15.Ng3 Ba6 16.h3 Qb6
17.Be3 Bc5 18.Re1 Bxe3 19.Rxe3 Rfe8 20.Qd2 Nc5 21.Kg1 Rac8 22.Rc1 Nfd7 23.Nh4 Nd3
24.Bxd3 cxd3 25.Ree1 g6 26.Nf3 f6 27.Qh6 Qd6 28.h4 Qf8 29.Qd2 Kg7 30.h5 Bb5
31.Red1 a5 32.Ne1 Nc5 33.Qe3 Qd6 34.Rd2 Rc7 35.Nf1 Rec8 36.Nh2 Qd7 37.b3 f5
38.exf5 Qxf5 39.h6+ Kf7 40.Nhf3 Ne4 41.Rxc7+ Rxc7 42.Qxe4  1-0

[Event "II Open"]
[Site "La Laguna ESP"]
[Date "2008.04.22"]
[Round "2"]
[White "Lafuente,P"]
[Black "Herrera Reyes,J"]
[Result "1-0"]
[WhiteElo "2483"]
[BlackElo "2091"]

1.d4 Nf6 2.Nf3 d5 3.c4 c6 4.Nc3 e6 5.e3 a5 6.Bd3 a4 7.a3 dxc4 8.Bxc4 Nd5
9.Ne2 Be7 10.O-O O-O 11.e4 Nf6 12.Nc3 h6 13.Qe2 Qc7 14.Bd3 Nbd7 15.Bc2 e5
16.dxe5 Nxe5 17.Nxe5 Qxe5 18.f4 Bc5+ 19.Be3 Bxe3+ 20.Qxe3 Ng4 21.Qg3 Qd4+
22.Kh1 Ne3 23.Rf2 Rd8 24.f5 b5 25.h3 b4 26.axb4 a3 27.Bb3 axb2 28.Rxa8 Qxc3
29.Ba2 h5 30.Kh2 Kh7 31.Qf3 g6 32.fxg6+ fxg6 33.Ra7+ Bd7 34.Qf7+ Kh6 35.Rxd7 Qe5+
36.Kg1 Rxd7 37.Qxd7 Qc3 38.Qf7 Nd1 39.Qf8+ Kg5 40.Qf4+  1-0

[Event "IX EICC w"]
[Site "Plovdiv BUL"]
[Date "2008.04.22"]
[Round "2"]
[White "Kursova,M"]
[Black "Zhukova,N"]
[Result "0-1"]
[WhiteElo "2322"]
[BlackElo "2450"]

1.d4 d5 2.Nf3 c6 3.c4 e6 4.e3 Nf6 5.Nc3 Nbd7 6.Qc2 Bd6 7.Bd3 O-O 8.O-O dxc4
9.Bxc4 a6 10.Rd1 b5 11.Be2 Qc7 12.e4 e5 13.g3 Re8 14.a3 exd4 15.Nxd4 Be5
16.Bf3 c5 17.Nf5 Nb6 18.Bg5 Bxf5 19.exf5 Rac8 20.Re1 b4 21.Ne2 a5 22.axb4 axb4
23.Ra6 c4 24.Rea1 b3 25.Qc1 Nfd5 26.Bd2 Qd7 27.R1a5 Qxf5 28.Bxd5 Bxb2 29.Qxb2 Rxe2
30.Qd4 Rxd2 31.Qxd2 c3 32.Bxb3 Qxa5 33.Qd3 Qb4 34.Bc2 g6 35.Ra7 Qc5 36.Rb7 Qc6
37.Qe4 Qxe4 38.Bxe4 Nc4 39.Ra7 Re8 40.Bc2 Re2 41.Bb3 Nd2 42.Bxf7+ Kf8 43.Rc7 Re7
44.Rxc3 Kxf7 45.Rc2 Nf3+ 46.Kh1 g5 47.h3 h5 48.Rc4 Ne5 49.Ra4 g4 50.Kg2 Rc7
51.Ra5 Kf6 52.Ra2 Rc4 53.Ra6+ Kf5 54.Ra5 Rc2 55.hxg4+ hxg4 56.Ra4 Nd3 57.Ra5+ Ke6
58.Ra6+ Kd5 59.Ra5+ Kc6 60.Ra6+ Kc5 61.Ra5+ Kb4 62.Rf5 Kc3 63.Rf8 Rxf2+ 64.Rxf2 Nxf2
65.Kxf2 Kd2 66.Kf1 Ke3 67.Ke1 Kf3 68.Kf1 Kxg3 69.Kg1 Kf3  0-1

[Event "IX EICC"]
[Site "Plovdiv BUL"]
[Date "2008.04.22"]
[Round "2"]
[White "Mastrovasilis,A"]
[Black "Pavasovic,D"]
[Result "1/2-1/2"]
[WhiteElo "2524"]
[BlackElo "2595"]

1.d4 d5 2.Nf3 Nf6 3.c4 e6 4.Nc3 c6 5.e3 Nbd7 6.Bd3 dxc4 7.Bxc4 b5 8.Bd3 Bd6
9.O-O O-O 10.e4 e5 11.Bg5 exd4 12.Nxd4 Ne5 13.Be2 Bc5 14.Nf5 Bxf5 15.exf5 Ned7
16.a4 b4 17.Ne4 Be7 18.Nxf6+ Bxf6 19.Bxf6 Nxf6  1/2-1/2

[Event "IX EICC"]
[Site "Plovdiv BUL"]
[Date "2008.04.22"]
[Round "2"]
[White "L'Ami,E"]
[Black "Popov,Val"]
[Result "1/2-1/2"]
[WhiteElo "2600"]
[BlackElo "2525"]

1.d4 d5 2.c4 e6 3.Nc3 c6 4.e3 Nf6 5.Nf3 Nbd7 6.Qc2 Bd6 7.b3 O-O 8.Be2 b6
9.O-O Bb7 10.Bb2 Re8 11.Rad1 Qc7 12.Bd3 Rad8 13.Rfe1 h6 14.h3 Qb8 15.e4 dxc4
16.Bxc4 e5 17.Ne2 b5 18.Bd3 a6 19.dxe5 Nxe5 20.Nxe5 Bxe5 21.Bxe5 Qxe5 22.f4 Qc7
23.e5 Qb6+ 24.Kh2 Nd5 25.Be4 c5 26.Qc1 f6 27.Ng3 fxe5 28.fxe5 Qc7 29.Bb1 Rxe5
30.Rxe5 Qxe5 31.Qxc5 Re8 32.Qa7 Qb8 33.Qxb8 Rxb8 34.Rd2 Nf4 35.Rd7 Bxg2 36.Nf5 Bxh3
37.Rxg7+ Kf8 38.Ra7 Rb6 39.Kg3 Bxf5 40.Bxf5 Nd5 41.Bc8 Nb4 42.a3 Nc2 43.Rxa6 Rxa6
44.Bxa6 Nxa3 45.b4 Kf7 46.Kg4 Kg6 47.Kf4 h5 48.Bb7 Kf6  1/2-1/2

[Event "IX EICC"]
[Site "Plovdiv BUL"]
[Date "2008.04.22"]
[Round "2"]
[White "Pavlidis,Ana"]
[Black "Jakovljevic,Vlado"]
[Result "0-1"]
[WhiteElo "2280"]
[BlackElo "2463"]

1.d4 d5 2.c4 c6 3.Nf3 Nf6 4.Nc3 e6 5.e3 a6 6.c5 Nbd7 7.Bd3 b6 8.cxb6 Qxb6
9.O-O c5 10.Na4 Qb8 11.Ne5 c4 12.Nxd7 Bxd7 13.Bc2 Bd6 14.f4 O-O 15.Nc3 Bc6
16.Rf3 Ne4 17.Nxe4 dxe4 18.Rh3 g6 19.g4 f6 20.Rb1 Ra7 21.Qf1 Bd5 22.Qg2 Qa8
23.Bd2 Qc6 24.Bc3 Rb7 25.Qd2 Rfb8 26.Rf1 Rxb2 27.Bxb2 Rxb2 28.f5 exf5 29.gxf5 g5
30.Rb1 Qb5 31.Rc1 Rxa2 32.Qd1 Qb2 33.Kh1 Ba3 34.Rb1 Qxc2 35.Rb8+ Bf8 36.Qg1 Rb2
37.Rxb2 Qxb2 38.Qg4 Qc1+ 39.Kg2 Qd2+ 40.Kg1 Qe1+ 41.Kg2 h6 42.Rg3 c3 43.h4 Bd6  0-1

[Event "IX EICC"]
[Site "Plovdiv BUL"]
[Date "2008.04.22"]
[Round "2"]
[White "Pedersen,NicV"]
[Black "Gengler,P"]
[Result "1-0"]
[WhiteElo "2421"]
[BlackElo "2200"]

1.d4 d5 2.c4 c6 3.Nf3 Nf6 4.e3 e6 5.Nc3 Nbd7 6.Qc2 Bd6 7.e4 dxe4 8.Nxe4 Nxe4
9.Qxe4 Nf6 10.Qh4 Bb4+ 11.Bd2 Bxd2+ 12.Nxd2 O-O 13.O-O-O Qa5 14.Bd3 Qh5 15.Qg3 c5
16.Ne4 Nxe4 17.Bxe4 cxd4 18.Rxd4 Qc5 19.Qd6 Qa5 20.Bxh7+ Kxh7 21.Qxf8 Qg5+
22.Rd2 e5 23.Re1 Qf4 24.b3 b5 25.Qc5 bxc4 26.Qxc4 Qh6 27.Qe4+  1-0

[Event "II Open"]
[Site "La Laguna ESP"]
[Date "2008.04.23"]
[Round "3"]
[White "Peralta,Fe"]
[Black "Tissir,M"]
[Result "1-0"]
[WhiteElo "2546"]
[BlackElo "2440"]

1.d4 d5 2.c4 c6 3.Nf3 Nf6 4.Nc3 e6 5.e3 Nbd7 6.Bd3 dxc4 7.Bxc4 b5 8.Bd3 Bd6
9.O-O O-O 10.Qc2 Bb7 11.a3 a5 12.e4 e5 13.dxe5 Nxe5 14.Nxe5 Bxe5 15.h3 Re8
16.Be3 Bxc3 17.bxc3 c5 18.Bxb5 Bxe4 19.Qd1 Qxd1 20.Rfxd1 Rec8 21.c4 a4 22.Ra2 Bc6
23.Rb2 Ne4 24.f3 Nc3 25.Rc1 Nxb5 26.cxb5 Bd5 27.Rd2 Bb3 28.Rxc5 Rxc5 29.Bxc5 h6
30.Bd6 Ra5 31.b6 Rb5 32.Bc7 Kh7 33.Rd8 Kg6 34.Ra8 Kf5 35.Ra7 Bd5 36.Rxa4 g5
37.Rd4 Ke6 38.a4 Rb1+ 39.Kh2 h5 40.h4 f6 41.a5 Rb2 42.Kg3 Bb7 43.Bd8 g4 44.Ra4 gxf3
45.gxf3 Rb3 46.a6 Bxf3 47.Kf2 Bc6 48.Ra5 Kd7 49.Bc7 Rb2+ 50.Ke3 Rb3+ 51.Kd2 Rb5
52.Ra3 Rb4 53.Rd3+ Ke8 54.Rd6 Bg2 55.Kc3 Rb1 56.Rxf6 Kd7 57.Rd6+ Ke7 58.Rd2 Bf3
59.Rb2 Rxb2 60.Kxb2 Kd7 61.Bf4  1-0

[Event "IX EICC"]
[Site "Plovdiv BUL"]
[Date "2008.04.23"]
[Round "3"]
[White "Jakovljevic,Vlado"]
[Black "Vitiugov,N"]
[Result "0-1"]
[WhiteElo "2463"]
[BlackElo "2617"]

1.Nf3 d5 2.d4 Nf6 3.c4 e6 4.Nc3 c6 5.e3 Nbd7 6.Bd3 dxc4 7.Bxc4 b5 8.Bd3 a6
9.e4 c5 10.d5 Bb7 11.O-O Qc7 12.dxe6 fxe6 13.Bc2 c4 14.Nd4 Nc5 15.Be3 e5
16.Nf3 Be7 17.Ng5 O-O 18.Bxc5 Bxc5 19.Ne6 Qb6 20.Nxf8 Rxf8 21.Qe2 Qe6 22.Nd5 Nxd5
23.exd5 Qxd5 24.Qg4 Bd4 25.Rae1 Rf4 26.Qh3 g6 27.b3 c3 28.Qg3 Qf7 29.Re2 Qf6
30.Kh1 h5 31.f3 e4 32.Rfe1 Be5 33.Kg1 exf3 34.gxf3 Bd4+ 35.Re3 h4  0-1

[Event "IX EICC w"]
[Site "Plovdiv BUL"]
[Date "2008.04.23"]
[Round "3"]
[White "Dzagnidze,N"]
[Black "Stepovaia,T"]
[Result "1/2-1/2"]
[WhiteElo "2443"]
[BlackElo "2378"]

1.d4 Nf6 2.c4 e6 3.Nf3 d5 4.Nc3 c6 5.e3 Nbd7 6.Qc2 Bd6 7.b3 O-O 8.Be2 Re8
9.O-O dxc4 10.bxc4 e5 11.Bb2 e4 12.Nd2 Qe7 13.Rfe1 Nf8 14.f3 exf3 15.Bxf3 Qc7
16.Nf1 Ne6 17.Rad1 Ng5 18.e4 Nxf3+ 19.gxf3 Nh5 20.e5 Bb4 21.Re3 Re6 22.Ne2 Rg6+
23.Kh1 Bh3 24.Nfg3 Nxg3+ 25.hxg3 Qd7 26.Kg1 Bf5 27.Qb3 Be7 28.Bc1 h5 29.Kf2 Bg5
30.Rc3 Re8 31.Bxg5 Rxg5 32.Re3 Bg6 33.Nf4 c5 34.dxc5 Qc7 35.Rd5 Rgxe5 36.Rexe5 Rxe5
37.Qc3 Re8 38.Nxh5 Bxh5 39.Rxh5 Qe7 40.Qd2 Qe6 41.Rh4 Qe5 42.Re4  1/2-1/2

[Event "IX EICC"]
[Site "Plovdiv BUL"]
[Date "2008.04.23"]
[Round "3"]
[White "Vasilev,M"]
[Black "Stavrianakis,I"]
[Result "1-0"]
[WhiteElo "2469"]
[BlackElo "2121"]

1.d4 d5 2.Nf3 c6 3.c4 Nf6 4.e3 e6 5.Nc3 Nbd7 6.Bd3 dxc4 7.Bxc4 b5 8.Bd3 Bd6
9.a3 Bb7 10.O-O O-O 11.e4 e5 12.Bg5 exd4 13.Nxd4 Qb8 14.g3 h6 15.Bxf6 Nxf6
16.Nf5 Rd8 17.Qe2 Bf8 18.e5 Re8 19.Rfe1 g6 20.Nh4 Nd7 21.f4 a6 22.Qg4 Qc8
23.Nxg6 fxg6 24.Qxg6+ Bg7 25.Qh7+ Kf8 26.Ne4 Re7 27.Nd6 Qd8 28.Nf5 Nxe5 29.Nxe7 Qd4+
30.Kh1 c5+ 31.Be4  1-0

[Event "IX EICC w"]
[Site "Plovdiv BUL"]
[Date "2008.04.23"]
[Round "3"]
[White "Nikoladze,S"]
[Black "Bayrak,A"]
[Result "1-0"]
[WhiteElo "2249"]
[BlackElo "2031"]

1.d4 d5 2.e3 Nf6 3.c4 c6 4.Nc3 e6 5.Nf3 Nbd7 6.Bd3 Be7 7.O-O O-O 8.Qe2 Qc7
9.e4 dxe4 10.Nxe4 Nxe4 11.Qxe4 Nf6 12.Qh4 c5 13.Bf4 Qd8 14.Rad1 cxd4 15.Bb1 Ne4
16.Qh5 Nf6 17.Qb5 a6 18.Qb3 b5 19.cxb5 axb5 20.Nxd4 Qb6 21.Be3 Bc5 22.Qxb5 Qxb5
23.Nxb5 Bxe3 24.fxe3 Rb8 25.a4 Ba6 26.Bd3 Nd5 27.Rf3 Rfd8 28.Bf1 h6 29.b3 Bb7
30.Rc1 Nf6 31.Rf2 Ng4 32.Re2 Rd3 33.Rb2 Rxe3 34.h3 Nf6 35.Nd6 Bd5 36.b4 Ra3
37.Bb5 Rd8 38.Nc8 Kh7 39.a5 Ne4 40.Nb6 Nd6 41.Bf1 Bb7 42.Rd2 Bd5 43.Nxd5 exd5
44.Rxd5 Rc8 45.Rxc8 Nxc8 46.a6 Rb3 47.Rc5 Nb6 48.Rb5 Nc8 49.Rb8 Na7 50.Rb7 Nc8
51.b5 Ra3 52.Rxf7 Ra1 53.Rc7 Nd6 54.b6  1-0

[Event "IX EICC w"]
[Site "Plovdiv BUL"]
[Date "2008.04.23"]
[Round "3"]
[White "Matveeva,S"]
[Black "Benderac,A"]
[Result "1-0"]
[WhiteElo "2420"]
[BlackElo "2334"]

1.d4 d5 2.c4 c6 3.Nc3 Nf6 4.e3 e6 5.Nf3 a6 6.b3 Bb4 7.Bd2 Nbd7 8.Bd3 Qe7
9.O-O dxc4 10.bxc4 e5 11.Nh4 g6 12.f4 e4 13.Be2 h5 14.Qe1 Ng4 15.Rc1 Ndf6
16.h3 Nh6 17.Rb1 Bd6 18.Na4 b5 19.Nb6 Rb8 20.Nxc8 Rxc8 21.a4 O-O 22.cxb5 cxb5
23.axb5 axb5 24.Rxb5 Kg7 25.Bc3 Rc7 26.Ba1 Kh7 27.Rg5 Nd7 28.d5 Rg8 29.Qg3 Nf6
30.Bb5 Rb8 31.Rxg6  1-0

[Event "Open"]
[Site "Senj CRO"]
[Date "2008.04.23"]
[Round "9"]
[White "Jovanic,O"]
[Black "Martinovic,Sa"]
[Result "0-1"]
[WhiteElo "2504"]
[BlackElo "2403"]

1.d4 d5 2.Nf3 Nf6 3.c4 c6 4.Nc3 e6 5.e3 a6 6.Bd3 dxc4 7.Bxc4 b5 8.Bd3 c5
9.a4 b4 10.Ne4 Nbd7 11.O-O Bb7 12.Ned2 cxd4 13.exd4 Be7 14.a5 O-O 15.Nc4 Rc8
16.Bf4 Nb8 17.Nb6 Rc6 18.Qe2 Bd6 19.Be5 Nd5 20.Nxd5 exd5 21.Qd2 Be7 22.Qf4 Nd7
23.Qf5 g6 24.Qh3 Nxe5 25.Nxe5 Rc7 26.f4 Bf6 27.Qe3 Qd6 28.h3 Bg7 29.Qd2 Re8
30.Kh2 Rce7 31.g3 Bc8 32.Rac1 f6 33.Nf3 Bf5 34.Rf2 Bxd3 35.Qxd3 Re3 36.Qd2 Qe6
37.Qxb4 Rxf3  0-1